000 00305nam a22001337a 4500
008 180112b xxu||||| |||| 00| 0 eng d
020 _a9781259135330
041 _aeng
080 _28 ED
_a54
100 _a12
101 _aKIM
245 _aPHYSIOLOGICAL CHEMISTRY
_cDENNISTO./K..J
942 _2udc
_cBK
999 _c40214
_d40214